| 000 | 00390nam a2200109Ia 4500 | ||
|---|---|---|---|
| 008 | 171211s9999 xx 000 0 und d | ||
| 245 | _aDesign for Inclusivity: A Practical Guide to Accessible, Innovative and User-Centred Design | ||
| 245 | _cJohn Clarkson, Julia Cassim, and Roger Coleman | ||
| 260 | _c2008 | ||
| 650 | _xBUSINESS | ||
| 856 | _uhttp://down.ebook777.com/062/9780566087073.pdf | ||
| 999 |
_c349515 _d349515 |
||